[Event "Match"]
[Site "www.echecsemail.com"]
[Date "2017.08.24"]
[Round "1"]
[White "Cjood"]
[Black "Fangshuo"]
[WhiteElo "1900"]
[BlackElo "2040"]
[Result "1-0"]
[Round "1"]
1.Ng1f3 d5
2.g3 c5
3.Bf1g2 Ng8f6
4.d4 e6
5.Bc1f4 Nb8c6
6.O-O Qd8b6
7.b3 cxd4
8.Nf3d2 Bf8e7
9.Nd2f3 O-O
10.a4 Nf6g4
11.h3 e5
12.Bf4d2 Ng4f6
13.a5 Qb6c7
14.Bd2g5 e4
15.Nf3xd4 Nc6xd4
16.Qd1xd4 Qc7xc2
17.Nb1a3 Qc2xb3
18.Rf1b1 Be7c5
19.Qd4xc5 Qb3a4
20.Na3b5 Qa4c4
21.Qc5xc4 dxc4
22.Nb5c7 Ra8b8
23.Bg5xf6 gxf6
24.Rb1b4 Bc8d7
25.Bg2xe4 Rb8c8
26.Rb4xb7 f5
27.Be4d5 c3
28.Rb7xa7 c2
29.Bd5b3 Bd7e6
30.Nc7xe6 fxe6
31.Bb3xe6 { resign }
1-0

[Event "Match"]
[Site "www.echecsemail.com"]
[Date "2017.08.24"]
[Round "1"]
[White "Winston"]
[Black "Mrmoto"]
[WhiteElo "1750"]
[BlackElo "1660"]
[Result "0-1"]
[Round "1"]
1.e4 c5
2.Ng1f3 Nb8c6
3.d4 Ng8f6
4.d5 Nc6b8
5.Nb1c3 Qd8b6
6.Nc3a4 Qb6a5
{ time. }
0-1

[Event "Match"]
[Site "www.echecsemail.com"]
[Date "2017.08.24"]
[Round "1"]
[White "Squeakysquaw"]
[Black "Iko"]
[WhiteElo "1499"]
[BlackElo "1630"]
[Result "1-0"]
[Round "1"]
1.d4 d5
2.c4 dxc4
3.e3 b5
4.a4 bxa4
5.Qd1xa4 c6
6.Bf1xc4 Bc8d7
7.Qa4b3 Ng8f6
8.Bc4xf7 
1-0

[Event "Match"]
[Site "www.echecsemail.com"]
[Date "2017.08.24"]
[Round "1"]
[White "Fangshuo"]
[Black "Cjood"]
[WhiteElo "2040"]
[BlackElo "1930"]
[Result "1-0"]
[Round "1"]
1.e4 e5
2.Ng1f3 Ng8f6
3.Nf3xe5 Nf6xe4
4.Qd1e2 d5
5.d3 Qd8f6
6.dxe4 Qf6xe5
7.exd5 Qe5xe2
8.Bf1xe2 Bc8f5
9.c4 Bf8c5
10.Bc1e3 Bc5xe3
11.fxe3 O-O
12.O-O Bf5e4
13.Nb1c3 Be4g6
14.Ra1d1 a6
15.Be2f3 Ra8a7
16.c5 c6
17.d6 Nb8d7
18.b4 Nd7e5
19.Bf3e2 Ne5d7
20.e4 Nd7f6
21.e5 Nf6d7
22.e6 fxe6
23.Be2g4 Bg6f5
24.Bg4xf5 Rf8xf5
25.Rf1xf5 exf5
26.Rd1e1 Kf8
27.Re1e7 Nd7f6
28.Nc3e2 Nf6d5
29.Re7d7 Nd5xb4
30.Ne2f4 Nb4xa2
31.Nf4e6 Kg8
32.Rd7xg7 Kh8
33.Rg7c7 Na2b4
34.d7 Ra7a8
35.Rc7c8 { resign }
1-0

[Event "Match"]
[Site "www.echecsemail.com"]
[Date "2017.08.24"]
[Round "1"]
[White "Iko"]
[Black "Ketchuplover"]
[WhiteElo "1640"]
[BlackElo "1770"]
[Result "0-1"]
[Round "1"]
1.e4 c5
2.d4 cxd4
3.Qd1xd4 Nb8c6
4.Qd4d3 e5
5.f4 Ng8f6
6.Nb1c3 Bf8e7
7.f5 Nc6b4
8.Qd3d2 O-O
9.a3 Nb4c6
10.Nc3d5 Nf6xe4
11.Qd2e3 Ne4d6
12.Bf1b5 Nd6xb5
13.a4 Nb5d4
14.Qe3d3 Nc6b4
15.Nd5xb4 Be7xb4
16.c3 Bb4c5
17.cxd4 Qd8h4
18.g3 Qh4xd4
19.Qd3f3 Bc5b4
20.Kf1 e4
21.Qf3g4 b6
22.Bc1h6 Bc8a6
23.Ng1e2 Ba6xe2
24.Kxe2 Qd4xb2
25.Kf1 Qb2xa1
26.Kg2 Qa1d4
27.f6 Qd4xf6
28.Bh6g5 Qf6f3
29.Qg4xf3 exf3
30.Kxf3 Ra8c8
31.Rh1d1 f6
32.Bg5f4 Rc8c3
33.Bf4e3 Rf8e8
34.Rd1e1 Bb4c5
35.h4 Rc3xe3
36.Re1xe3 Re8xe3
37.Kf4 { time. }
0-1

[Event "1/32 Finale"]
[Site "www.chess-mail.com"]
[Date "2017.08.24"]
[Round "1"]
[White "Danquigley"]
[Black "Carebear"]
[WhiteElo "2560"]
[BlackElo "2429"]
[Result "1-0"]
[Round "1"]
1.Ng1f3 Ng8f6
2.c4 g6
3.g3 Bf8g7
4.Bf1g2 d5
5.cxd5 Nf6xd5
6.d4 Nd5b6
7.Nb1c3 Nb8c6
8.e3 O-O
9.O-O Rf8e8
10.h3 e5
11.d5 Nc6a5
12.e4 c6
13.dxc6  { time }
1-0

[Event "Eq:Super Chess Team-Tigers of Istanbul : "]
[Site "www.chess-mail.com"]
[Date "2017.08.24"]
[Round "1"]
[White "Mihaiiorga"]
[Black "Redabond"]
[WhiteElo "2210"]
[BlackElo "1630"]
[Result "1-0"]
[Round "1"]
1.Ng1f3 d5
2.g3 Bc8f5
3.d3 Nb8c6
4.Bf1g2 Ng8f6
5.Bc1g5 e6
6.Nb1d2 h6
7.Bg5xf6 Qd8xf6
8.c3 Bf8d6
9.O-O O-O
10.e4 dxe4
11.Nd2xe4 Bf5xe4
12.dxe4 e5
13.Qd1c2 Rf8d8
14.Ra1d1 Bd6c5
15.Rd1d5 Rd8xd5
16.exd5 Nc6e7
17.Qc2e4 Ra8d8
18.c4 Ne7g6
19.a3 Bc5d6
20.b4  { time }
1-0

[Event "Tourn. n9495"]
[Site "www.chess-mail.com"]
[Date "2017.08.25"]
[Round "1"]
[White "Falcoale"]
[Black "Cjood"]
[WhiteElo "2040"]
[BlackElo "1920"]
[Result "0-1"]
[Round "1"]
1.e4 e5
2.Ng1f3 Nb8c6
3.Bf1c4 Ng8f6
4.d3 Bf8c5
5.Bc1g5 d6
6.O-O h6
7.Bg5h4 g5
8.Bh4g3 a6
9.h3 b5
10.Bc4b3 Nc6d4
11.Nf3xd4 Bc5xd4
12.c3 Bd4a7
13.Nb1d2 Bc8b7
14.Bb3c2 c5
15.Qd1e2 Qd8e7
16.Kh1 h5
17.Bg3h2 g4
18.f4 exf4
19.Rf1xf4 O-O-O
20.Ra1f1 Rh8h6
21.Rf1f2 c4
22.d4 Rd8e8
23.Rf4f5 Kb8
24.e5 dxe5
25.Rf5xe5 Qe7xe5
26.Bh2xe5 Ka8
27.Qe2f1 gxh3
28.Rf2xf6 hxg2
29.Qf1xg2 Bb7xg2
30.Kxg2 Rh6xf6
31.Be5xf6 Re8e2
32.Kf3 Re2xd2
33.Bc2e4 Kb8
34.Bf6e5 Kc8
35.b3 Rd2xa2
36.bxc4 bxc4
37.Be4d5 Ra2a3
38.Bd5xc4 Ra3xc3
{ resign }
0-1

[Event "Tourn. n9480"]
[Site "www.chess-mail.com"]
[Date "2017.08.25"]
[Round "1"]
[White "Falcoale"]
[Black "Mitja"]
[WhiteElo "2040"]
[BlackElo "2010"]
[Result "0-1"]
[Round "1"]
1.e4 d5
2.exd5 Qd8xd5
3.Nb1c3 Qd5d8
4.d4 e6
5.Ng1f3 h6
6.Bf1d3 c6
7.O-O Ng8f6
8.Nc3e2 Bf8d6
9.b3 Bd6c7
10.Bc1b2 b6
11.h3 Bc8b7
12.Nf3h2 Qd8d6
13.Ne2g3 c5
14.dxc5 Qd6xc5
15.Kh1 Qc5d5
16.f3 Bc7xg3
17.Qd1e2 Qd5d6
18.Ra1d1 Qd6c7
19.Bb2xf6 gxf6
20.Nh2g4 Bg3h4
21.Bd3b5 Nb8c6
22.g3 Qc7xg3
23.Rf1f2 f5
24.Rd1g1 Qg3f4
25.Rf2g2 fxg4
26.Rg2xg4 Qf4f6
27.Rg1d1 Bh4g5
28.Rd1d6 Ra8c8
29.Rg4d4 O-O
30.Rd4g4 Nc6e5
31.Rg4g3 Ne5xf3
32.Bb5c6 Rc8xc6
33.Rd6d3 Rc6xc2
{ resign }
0-1

[Event "Tourn. n9477"]
[Site "www.chess-mail.com"]
[Date "2017.08.25"]
[Round "1"]
[White "Fantomas"]
[Black "Falcoale"]
[WhiteElo "1970"]
[BlackElo "1990"]
[Result "1-0"]
[Round "1"]
1.Ng1f3 c5
2.g3 d5
3.Bf1g2 Nb8c6
4.O-O Ng8f6
5.d4 e6
6.c3 cxd4
7.cxd4 Bf8e7
8.Nb1c3 O-O
9.a3 a6
10.Rf1e1 h6
11.Bc1d2 b5
12.b4 Nf6d7
13.Qd1c2 Bc8b7
14.e4 Ra8c8
15.Qc2d3 Nd7f6
16.e5 Nf6d7
17.Re1c1 f5
18.h4 Qd8e8
19.Nc3e2 Nd7b6
20.Ne2f4 Nb6c4
21.Nf4xe6 Rf8f7
22.Ne6c5 Be7xc5
23.bxc5 Nc4xd2
24.Qd3xd2 Rc8d8
25.Nf3h2 Nc6a5
26.Qd2xa5 Rd8a8
27.f4 Bb7c6
28.Nh2f1 Rf7e7
29.Nf1e3 Qe8g6
30.Kf2 Re7e6
31.Bg2h3 Qg6e8
32.Bh3xf5 Re6e7
33.Bf5d3 Qe8f8
34.Rc1f1 Bc6d7
35.Ne3xd5 Re7f7
36.Bd3g6 Bd7h3
37.Rf1h1 Bh3e6
38.Bg6xf7 Be6xf7
39.Nd5e3 Bf7e8
40.Qa5c7 Be8g6
41.Qc7d6 Ra8d8
42.Qd6xf8 Rd8xf8
43.d5 { resign }
1-0

[Event "Tourn. n9339"]
[Site "www.chess-mail.com"]
[Date "2017.08.25"]
[Round "1"]
[White "Seger"]
[Black "Chessington"]
[WhiteElo "2620"]
[BlackElo "2390"]
[Result "1/2-1/2"]
[Round "1"]
1.c4 e6
2.e4 d5
3.exd5 exd5
4.cxd5 Ng8f6
5.Bf1b5 Nb8d7
6.Nb1c3 a6
7.Bb5e2 Nd7b6
8.d4 Nb6xd5
9.Ng1f3 h6
10.O-O Bf8d6
11.h3 O-O
12.Bc1d2 Rf8e8
13.Rf1e1 Bc8f5
14.Nc3xd5 Nf6xd5
15.Be2c4 Re8xe1
16.Qd1xe1 c6
17.Qe1e2 Qd8b6
18.b3 Bf5d7
19.Ra1e1 Ra8e8
20.Qe2d1 Bd7e6
21.Qd1e2 Re8e7
22.Qe2d1 Qb6d8
23.Bc4d3 Nd5f6
24.Bd2c1 Qd8a5
25.Re1e2 Re7e8
26.Bc1d2 Qa5d8
27.Qd1c1 Nf6d5
28.Bd3b1 Bd6b4
29.Bd2xb4 Nd5xb4
30.Qc1d2 Qd8d6
31.Bb1f5 Nb4d5
32.Bf5xe6 Re8xe6
33.Re2xe6 Qd6xe6
34.Nf3e5 g5
35.Kh2 f6
36.Ne5g4 h5
37.Ng4e3 Nd5f4
38.h4 gxh4
39.Qd2c2 b6
40.a3 a5
41.b4 axb4
42.axb4 b5
43.Ne3f5 h3
44.gxh3 h4
45.Nf5h6 Kh8
{ draw }
1/2-1/2

[Event "Tourn. n9466"]
[Site "www.chess-mail.com"]
[Date "2017.08.25"]
[Round "1"]
[White "Jesmantiz"]
[Black "Bojan"]
[WhiteElo "2160"]
[BlackElo "2020"]
[Result "1-0"]
[Round "1"]
1.d4 g6
2.e4 d5
3.e5 f6
4.f4 Bc8f5
5.Ng1f3 Qd8d7
6.Nb1d2 Qd7c6
7.c3 Nb8d7
8.Bf1e2 Nd7b6
9.a4 a6
10.O-O Ng8h6
11.Nf3h4 Bf5e6
12.g4 Qc6d7
13.f5 gxf5
14.gxf5 Rh8g8
15.Kh1 Nh6xf5
16.Be2h5 Kd8
17.Nh4xf5 Be6xf5
18.Qd1e2 Bf8h6
19.Bh5f7 Bf5g4
20.Qe2e1 Rg8g7
21.e6 Qd7d6
22.Nd2e4 Qd6c6
23.Bc1xh6 Rg7g6
24.Bf7xg6 hxg6
25.Ne4c5 Nb6c4
26.b4 Ra8b8
27.Qe1h4 Bg4f5
28.Rf1xf5 gxf5
29.Ra1g1 Nc4d6
30.Bh6f4 Nd6e8
31.Rg1g8 Rb8a8
32.Qh4h5 b6
33.Rg8xe8 { resign }
1-0

[Event "Tourn. n9467"]
[Site "www.chess-mail.com"]
[Date "2017.08.25"]
[Round "1"]
[White "Pyssso"]
[Black "Falcoale"]
[WhiteElo "1809"]
[BlackElo "2020"]
[Result "0-1"]
[Round "1"]
1.Ng1f3 c5
2.e4 e6
3.d4 cxd4
4.Nf3xd4 a6
5.Bf1d3 Ng8f6
6.c4 d6
7.Nb1c3 Nb8c6
8.Bc1e3 Bf8e7
9.O-O O-O
10.Ra1c1 Nc6xd4
11.Be3xd4 e5
12.Bd4e3 Nf6d7
13.Nc3d5 b6
14.Nd5xe7 Qd8xe7
15.Qd1d2 Nd7c5
16.Rf1d1 Bc8b7
17.f3 Nc5xd3
18.Qd2xd3 Ra8d8
 { time }
0-1

[Event "Tourn. n9442"]
[Site "www.chess-mail.com"]
[Date "2017.08.25"]
[Round "1"]
[White "Julian"]
[Black "Cristiano"]
[WhiteElo "1490"]
[BlackElo "1550"]
[Result "0-1"]
[Round "1"]
1.e4 e5
2.Ng1f3 Nb8c6
3.Bf1b5 a6
4.Bb5a4 Ng8f6
5.O-O Bf8e7
6.Rf1e1 b5
7.Ba4b3 O-O
8.c3 d6
9.d4 exd4
10.cxd4 Bc8b7
11.Bc1g5 Nc6a5
12.e5 Nf6e4
13.Bg5xe7 Qd8xe7
14.Nb1c3 Ne4xc3
15.bxc3 Na5xb3
16.axb3 d5
17.Qd1d3 h6
18.Qd3f5 Qe7e6
19.Qf5h5 Bb7c8
20.c4 bxc4
21.bxc4 c6
22.cxd5 cxd5
23.Ra1a3 Qe6g4
24.Qh5xg4 Bc8xg4
25.Nf3d2 Ra8a7
 { time }
0-1

[Event "Tourn. n9480"]
[Site "www.chess-mail.com"]
[Date "2017.08.25"]
[Round "1"]
[White "Bojan"]
[Black "Falcoale"]
[WhiteElo "2030"]
[BlackElo "2040"]
[Result "0-1"]
[Round "1"]
1.b4 Ng8f6
2.Bc1b2 e6
3.a3 d5
4.e3 Bf8e7
5.Ng1f3 O-O
6.c4 b6
7.Nf3e5 Bc8b7
8.d4 Nb8d7
9.Ne5g4 Nf6xg4
10.Qd1xg4 Nd7f6
11.Qg4h3 Bb7c8
12.g3 Nf6e4
13.Qh3g2 Bc8b7
14.Bf1d3 Ne4f6
15.Qg2h3 dxc4
16.Bd3xh7 Nf6xh7
17.O-O Nh7g5
18.Qh3g4 Bb7f3
19.Qg4h4 Qd8d5
20.Rf1e1 Bf3h1
21.Kf1 Bh1g2
22.Ke2 Qd5f3
23.Kd2 Ng5e4
24.Kc1 Be7xh4
25.gxh4 Qf3xf2
{ resign }
0-1

[Event "Tourn. n9426"]
[Site "www.chess-mail.com"]
[Date "2017.08.25"]
[Round "1"]
[White "Falcoale"]
[Black "Bojan"]
[WhiteElo "1960"]
[BlackElo "2010"]
[Result "0-1"]
[Round "1"]
1.e4 e5
2.Ng1f3 Nb8c6
3.Bf1c4 Qd8f6
4.d3 h6
5.Nb1c3 Bf8b4
6.Bc1d2 a6
7.Nc3d5 Bb4xd2
8.Qd1xd2 Qf6d8
9.O-O Ng8f6
10.a3 d6
11.h3 Nf6h7
12.c3 Nc6a5
13.Bc4a2 Bc8e6
14.d4 c6
15.Nd5e3 Nh7g5
16.Nf3xg5 hxg5
17.Ne3f5 Kf8
18.Ba2xe6 fxe6
19.Nf5e3 Na5b3
20.Qd2c2 Nb3xa1
21.Rf1xa1 Qd8f6
22.Ne3g4 Qf6f4
23.Ra1e1 exd4
24.cxd4 Ke7
25.Re1e3 Qf4f7
26.Qc2b3 b5
27.Re3f3 Qf7g6
28.d5 c5
29.e5 Rh8d8
30.Qb3e3 exd5
31.exd6 Kxd6
32.Qe3e5 Kc6
33.Ng4e3 Ra8a7
34.Rf3f5 Qg6d6
35.Rf5xg5 Ra7e7
36.Qe5xd6 Rd8xd6
37.Rg5g4 Re7f7
38.Rg4g5 d4
39.Ne3g4 Rd6e6
40.Ng4e5 Kd6
41.Ne5xf7 Ke7
42.Rg5xg7 Kf6
43.Rg7g3 Kxf7
44.Rg3g5 c4
45.Rg5c5 d3
46.Rc5d5 Re6e2
47.g4 d2
48.Kg2 Ke6
49.Rd5d8 a5
50.h4 b4
51.axb4 axb4
52.Kf3 d1Q
53.Rd8xd1 Re2xb2
54.h5 c3
55.h6 c2
56.Rd1c1 Kf7
57.Ke4 b3
58.Kd3 Rb2a2
59.Kc3 b2
60.Kxc2 bxc1Q
61.Kxc1 Ra2xf2
{ resign }
0-1

[Event "Tourn. n9477"]
[Site "www.chess-mail.com"]
[Date "2017.08.25"]
[Round "1"]
[White "Biggles"]
[Black "Aiko1603"]
[WhiteElo "2090"]
[BlackElo "2000"]
[Result "1-0"]
[Round "1"]
1.e4 c5
2.d4 cxd4
3.Bf1c4 Nb8c6
4.Ng1f3 g6
5.O-O Bf8g7
6.c3 dxc3
7.Nb1xc3 d6
8.Bc1g5 Ng8f6
9.Rf1e1 O-O
10.Nc3d5 Nf6xd5
11.Bc4xd5 Bg7xb2
12.Ra1b1 Bb2g7
13.Qd1d2 Qd8d7
14.Bg5h6 Ra8b8
15.Bh6xg7 Kxg7
16.h3 e6
17.Bd5xc6 Qd7xc6
18.Qd2d4 e5
19.Nf3xe5 dxe5
20.Qd4xe5 Kg8
21.Qe5xb8 Bc8xh3
22.Qb8xa7 Bh3c8
23.Qa7d4 b5
24.Rb1b3 Bc8e6
25.Rb3c3 Qc6a8
26.a3 Rf8d8
27.Qd4e5 Qa8a5
28.Re1c1 Qa5b6
29.Rc3c6 Qb6a5
30.Rc6xe6 fxe6
31.Rc1c7 { resign }
1-0

[Event "Match"]
[Site "www.echecsemail.com"]
[Date "2017.08.25"]
[Round "1"]
[White "Cjood"]
[Black "Azocarwagner"]
[WhiteElo "2000"]
[BlackElo "1810"]
[Result "1-0"]
[Round "1"]
1.d4 e6
2.Nb1c3 Bf8b4
3.Bc1d2 Bb4xc3
4.Bd2xc3 d5
5.g3 Ng8f6
6.Bf1g2 Nb8c6
7.e3 Qd8d6
8.Ng1e2 Bc8d7
9.f3 h5
10.O-O O-O-O
11.a3 Nf6h7
12.b4  { time }
1-0

[Event "Match"]
[Site "www.echecsemail.com"]
[Date "2017.08.25"]
[Round "1"]
[White "86eamon"]
[Black "52maurice"]
[WhiteElo "1700"]
[BlackElo "1430"]
[Result "0-1"]
[Round "1"]
1.h4 h5
2.Ng1f3 g6
3.e3 e6
4.d4 d5
5.b3 a5
6.Nf3e5 Rh8h7
7.Ne5xg6 fxg6
8.Bf1d3 Qd8f6
9.Qd1f3 c6
10.Qf3xf6 Ng8xf6
11.Bd3xg6 Kd8
12.Bg6xh7 Nf6xh7
13.Rh1h3 Nb8d7
14.Rh3f3 Nh7f6
15.Bc1d2 b6
16.Nb1c3 c5
17.a4 Bc8b7
18.Rf3f5 exf5
19.Nc3b5 Ra8c8
20.dxc5 Rc8xc5
21.Nb5d6 Bf8xd6
{ resign }
0-1

[Event "Match"]
[Site "www.echecsemail.com"]
[Date "2017.08.25"]
[Round "1"]
[White "Babedad"]
[Black "Cjood"]
[WhiteElo "2120"]
[BlackElo "2040"]
[Result "1-0"]
[Round "1"]
1.Ng1f3 d5
2.g3 Nb8c6
3.Bf1g2 f6
4.O-O e5
5.d3 Bf8d6
6.Nb1d2 Bc8e6
7.Rf1e1 Ng8e7
8.e4 d4
9.a4 a5
10.c4 dxc3
11.bxc3 Bd6c5
12.Qd1e2 Ne7g6
13.Nd2f1 O-O
14.Qe2c2 b6
15.Bc1b2 Qd8d7
16.Ra1d1 Qd7e7
17.d4 exd4
18.cxd4 Bc5b4
19.Re1e2 Nc6a7
20.d5 Be6c8
21.Rd1c1 Bb4c5
22.Bb2d4 Bc5d6
23.Nf1e3 Bc8a6
24.Ne3f5 Qe7d7
25.Bg2h3 Qd7f7
26.Nf5xd6 Qf7e7
27.Nd6f5 Qe7a3
28.Re2e1 Qa3xf3
29.Qc2xc7 Ba6d3
30.Qc7xg7 { resign }
1-0

[Event "Match"]
[Site "www.echecsemail.com"]
[Date "2017.08.25"]
[Round "1"]
[White "Heaven"]
[Black "Pforjan"]
[WhiteElo "1589"]
[BlackElo "2379"]
[Result "0-1"]
[Round "1"]
1.d4 b6
2.e4 Bc8b7
3.f3 e6
4.g3 d5
5.Nb1d2 dxe4
6.Nd2xe4 Ng8f6
7.c3 Nf6xe4
8.Bf1g2 Ne4f6
9.Ng1e2 Bf8e7
10.f4 Bb7xg2
{ resign }
0-1

[Event "Match"]
[Site "www.echecsemail.com"]
[Date "2017.08.25"]
[Round "1"]
[White "Cjood"]
[Black "Emmanuel69"]
[WhiteElo "1880"]
[BlackElo "1930"]
[Result "1/2-1/2"]
[Round "1"]
1.g3 d5
2.Bf1g2 Ng8f6
3.d4 e6
4.c3 Bf8e7
5.b4 O-O
6.Ng1f3 a6
7.O-O Nb8c6
8.e3 Rf8e8
9.Qd1c2 h6
10.Nb1d2 Nc6a7
11.a4 Be7f8
12.Nd2b3 b6
13.Nf3d2 Bc8b7
14.f3 c6
15.e4 g6
16.e5 Nf6d7
17.f4 c5
18.dxc5 bxc5
19.Nb3a5 Ra8b8
20.Na5xb7 Rb8xb7
21.bxc5 Nd7xc5
22.Bc1a3 Qd8c7
23.Kh1 Qc7a5
24.Ba3b4 Qa5c7
25.Bb4xc5 Qc7xc5
26.Nd2b3 Qc5c7
27.Ra1b1 Re8b8
28.Bg2f3 Bf8b4
29.Rf1c1 Rb8c8
30.Qc2d3 Bb4xc3
31.h4 Rb7b4
32.Bf3d1 d4
33.Qd3xa6 Rb4c4
34.Bd1e2 Rc4c6
35.Qa6d3 Rc6b6
36.a5 Rb6c6
37.Nb3xd4 Bc3xd4
38.Rc1xc6 Qc7xc6
39.Be2f3 Qc6c5
40.Rb1b7 Na7c6
41.Bf3e4 Nc6e7
42.Rb7xe7 Qc5xe7
43.Qd3xd4 Rc8c7
44.Qd4d3 Kg7
45.Kh2 { draw }
1/2-1/2

[Event "Tourn. n9474"]
[Site "www.chess-mail.com"]
[Date "2017.08.26"]
[Round "1"]
[White "Falcoale"]
[Black "Cjood"]
[WhiteElo "2000"]
[BlackElo "1920"]
[Result "0-1"]
[Round "1"]
1.e4 e6
2.d4 d5
3.Nb1c3 Bc8d7
4.exd5 Bf8b4
5.dxe6 Bd7xe6
6.Ng1f3 Nb8c6
7.Bc1d2 Nc6xd4
8.Bf1d3 Ng8f6
9.Nf3xd4 Qd8xd4
10.O-O a6
11.a3 Bb4xc3
12.Bd2xc3 Qd4b6
13.Qd1f3 Be6d5
14.Ra1e1 Kf8
15.Qf3g3 Qb6c6
16.Re1d1 Nf6h5
17.Bc3b4 Kg8
18.Qg3g4 Nh5f6
19.Qg4e2 Bd5xg2
20.f3 Bg2xf1
21.Qe2xf1 g5
22.Bb4c3 h5
23.Rd1d2 Rh8h6
24.Rd2g2 Qc6c5
25.Kh1 h4
26.Bc3b4 Qc5e3
27.Bb4d2 Qe3b6
28.Rg2xg5 Kf8
29.Rg5g2 Rh6h8
30.Bd2c3 Ke7
31.Qf1e1 Kd7
32.Bc3xf6 Qb6xf6
33.Qe1d1 Kc8
34.b3 b5
35.Bd3e4 Ra8b8
36.Qd1g1 Kd7
37.Rg2g5 c6
38.Be4f5 Kc7
39.Bf5e4 Rb8e8
40.Qg1a7 Kd6
41.Qa7c5 Kd7
42.Qc5a7 Ke6
43.Be4f5 Qf6xf5
44.Rg5xf5 Kxf5
45.Qa7xf7 Kg5
46.Qf7g7 Kf4
47.Qg7g4 Ke3
48.Qg4g6 Kxf3
49.Qg6xc6 Ke2
50.Qc6xa6 Kd2
51.Qa6xb5 h3
52.Qb5d3 Kc1
53.Qd3c3 Re8c8
54.Qc3d3 Rc8xc2
55.b4 Kb2
56.Qd3d4 Kb1
57.Qd4d3 Rh8d8
58.Qd3b3 Kc1
59.Qb3e3 Rd8d2
60.b5 Kb1
61.Qe3b3 Rc2b2
62.Qb3f3 Rd2xh2
63.Kg1 Rh2g2
64.Kf1 Rb2c2
65.Qf3b3 Kc1
66.Qb3e3 Kb2
67.Qe3d4 Kxa3
68.Qd4a1 Kb4
69.Qa1b1 Rc2b2
70.Qb1d3 h2
71.Qd3e4 Kxb5
72.Qe4xg2 Rb2b1
{ resign }
0-1

[Event "Tourn. n9446"]
[Site "www.chess-mail.com"]
[Date "2017.08.26"]
[Round "1"]
[White "Senitram"]
[Black "Panamski"]
[WhiteElo "2630"]
[BlackElo "2220"]
[Result "1-0"]
[Round "1"]
1.Ng1f3 Ng8f6
2.d4 g6
3.c4 Bf8g7
4.Nb1c3 d6
5.e4 O-O
6.Bf1e2 Nb8d7
7.O-O c5
8.d5 Rf8e8
9.h3 a6
10.Rf1e1 h6
11.Bc1f4 Kh7
12.Be2d3 Nf6h5
13.Bf4h2 Nd7e5
14.g4 Ne5xf3
15.Qd1xf3 Nh5f6
16.e5 dxe5
17.Bh2xe5  { time }
1-0

[Event "Tourn. n9454"]
[Site "www.chess-mail.com"]
[Date "2017.08.26"]
[Round "1"]
[White "Mitja"]
[Black "Panamski"]
[WhiteElo "2040"]
[BlackElo "2220"]
[Result "1-0"]
[Round "1"]
1.d4 d5
2.e3 Ng8f6
3.h3 h6
4.c3 Bc8f5
5.Ng1e2 Bf5xb1
6.Ra1xb1 c6
7.b3 Nb8d7
8.Bc1b2 e6
9.Ne2g3 Bf8d6
10.Qd1f3 Qd8c7
11.Ng3h5 Nf6xh5
12.Qf3xh5 Nd7f6
13.Qh5f3 b5
14.Bf1d3 a5
15.Qf3e2 O-O
16.Bd3c2 e5
17.dxe5 Bd6xe5
18.O-O b4
19.cxb4 axb4
20.Bb2xe5 Qc7xe5
21.Bc2d3 Ra8a7
22.Rf1c1 Rf8a8
23.Rb1a1 Ra7a3
24.Qe2d1 Ra3xa2
25.Ra1xa2 Ra8xa2
26.Rc1xc6 g6
27.Bd3f1 Nf6e4
28.Rc6b6  { time }
1-0

[Event "Tourn. n9437"]
[Site "www.chess-mail.com"]
[Date "2017.08.26"]
[Round "1"]
[White "Pdebonis"]
[Black "Jose"]
[WhiteElo "2700"]
[BlackElo "2800"]
[Result "1/2-1/2"]
[Round "1"]
1.d4 d5
2.c4 e5
3.dxe5 d4
4.Ng1f3 Nb8c6
5.g3 Ng8e7
6.Bf1g2 Ne7g6
7.O-O Ng6xe5
8.Nf3xe5 Nc6xe5
9.b3 Bf8c5
10.Bc1b2 O-O
11.Nb1d2 a5
12.Nd2e4 Bc5a7
13.Qd1d2 Qd8e7
14.Qd2xa5 c5
15.Bb2a3 b6
16.Qa5d2 Bc8b7
17.Qd2g5 Rf8e8
18.Qg5xe7 Re8xe7
19.Ne4d6 Bb7xg2
20.Kxg2 Ba7b8
21.Nd6b5 Ne5c6
22.Rf1e1 f5
23.e3 dxe3
24.Re1xe3 Re7xe3
25.fxe3 Bb8e5
26.Ra1f1 Nc6a7
27.Nb5xa7 Ra8xa7
28.Rf1xf5 Ra7xa3
29.Rf5xe5 Ra3xa2
30.Kf3 Ra2b2
31.Re5e7 Rb2xb3
32.Ke4 Rb3b2
33.h4 Rb2g2
34.Kf3 Rg2c2
35.Re7b7 { draw }
1/2-1/2

[Event "Tourn. n9488"]
[Site "www.chess-mail.com"]
[Date "2017.08.26"]
[Round "1"]
[White "Karousek"]
[Black "Fantomas"]
[WhiteElo "2090"]
[BlackElo "2000"]
[Result "0-1"]
[Round "1"]
1.e4 e5
2.Ng1f3 Nb8c6
3.Bf1b5 a6
4.Bb5a4 Ng8f6
5.O-O Bf8e7
6.Rf1e1 b5
7.Ba4b3 d6
8.c3 O-O
9.h3 Bc8b7
10.d4 Rf8e8
11.Nb1d2 Be7f8
12.a3 h6
13.Nd2f1 exd4
14.Nf1g3 dxc3
15.bxc3 Nc6a5
16.Bb3c2 d5
17.e5 Nf6e4
18.Qd1d3 Na5c4
19.Bc1f4 Bf8xa3
20.Ng3f5 Ba3b2
21.Nf3d4 Bb2xc3
22.Nf5xh6 gxh6
23.Bf4xh6 Bc3xe1
24.Ra1xe1 Nc4xe5
25.Qd3d1 Ne4xf2
26.Qd1h5 Nf2e4
27.Nd4f5 Ne4f6
28.Qh5g5 Ne5g6
29.Re1f1 Nf6e4
30.Qg5g4 Bb7c8
31.Bc2xe4 dxe4
32.Bh6g5 Bc8xf5
33.Qg4xf5 Qd8d4
34.Kh1 Qd4c4
35.Qf5f6 Qc4e6
{ resign }
0-1

[Event "Tourn. n9342"]
[Site "www.chess-mail.com"]
[Date "2017.08.26"]
[Round "1"]
[White "Vaido12"]
[Black "Seger"]
[WhiteElo "2350"]
[BlackElo "2640"]
[Result "1/2-1/2"]
[Round "1"]
1.e4 e5
2.Ng1f3 d6
3.d4 Ng8f6
4.Nb1c3 Nb8d7
5.Bf1c4 Bf8e7
6.O-O exd4
7.Nf3xd4 Nd7b6
8.Bc4e2 O-O
9.a4 a5
10.b3 d5
11.e5 Nf6e8
12.Be2d3 g6
13.Nc3e2 Ne8g7
14.Bc1h6 Rf8e8
15.Qd1d2 c5
16.Nd4b5 Bc8d7
17.Rf1d1 Bd7c6
18.c4 Be7h4
19.Bh6xg7 Kxg7
20.f4 d4
21.Rd1f1 Nb6d7
22.g3 Bh4e7
23.Ra1e1 Ra8a6
24.h3 f6
25.exf6 Be7xf6
26.Ne2c1 Re8e3
27.Kh2 Qd8e7
28.Nb5c3 h5
29.Nc3d1 Re3xe1
30.Rf1xe1 Qe7f7
31.h4 Ra6a8
32.Nd1f2 Ra8e8
33.Bd3e4 Bc6xe4
34.Nf2xe4 Re8e6
35.Nc1d3 b6
36.Qd2e2 Bf6d8
37.Qe2f3 Nd7f6
38.Ne4xf6 Bd8xf6
39.Re1xe6 Qf7xe6
40.Kg1 Qe6f5
41.Kf2 Qf5h3
42.Qf3b7 Kh6
43.Qb7f3 Kh7
44.Ke2 Qh3e6
45.Kf2 Qe6h3
46.Qf3g2 Qh3xg2
47.Kxg2 Kg7
48.Kf3 Kf7
49.Ke4 Ke6
{ draw }
1/2-1/2

[Event "Tourn. n9435"]
[Site "www.chess-mail.com"]
[Date "2017.08.26"]
[Round "1"]
[White "Bira47"]
[Black "Astroboy"]
[WhiteElo "2090"]
[BlackElo "2210"]
[Result "0-1"]
[Round "1"]
1.c4 e5
2.g3 Nb8c6
3.a3 a5
4.Bf1g2 f5
5.e3 Ng8f6
6.Nb1c3 g6
7.Ng1e2 Bf8g7
8.O-O d6
9.d4 e4
10.d5 Nc6e5
11.Ne2d4 O-O
12.Nd4e6 Bc8xe6
13.dxe6 c6
14.b3 Rf8e8
15.f4 Ne5d3
16.Ra1b1 Re8xe6
17.h3 Nf6h5
18.Nc3e2 Nh5f6
19.Ne2d4 Re6e7
20.b4 axb4
21.axb4 d5
22.c5 Ra8a2
23.Qd1b3 Qd8a8
24.Bc1b2 Nd3xb2
25.Rb1xb2 Ra2a3
26.Nd4xc6 bxc6
27.Qb3c2 Ra3xe3
28.b5 Nf6h5
29.bxc6 Bg7xb2
30.Qc2xb2 Re3xg3
31.Rf1a1 Qa8xc6
32.Qb2b6 Qc6xb6
33.cxb6 Nh5xf4
34.Ra1a2 Rg3xg2
35.Ra2xg2 Nf4xg2
36.Kxg2 d4
37.Kf2 f4
38.Ke2 Re7b7
39.h4 Rb7xb6
 { time }
0-1

[Event "Tourn. n9476"]
[Site "www.chess-mail.com"]
[Date "2017.08.26"]
[Round "1"]
[White "Dussek"]
[Black "Vios"]
[WhiteElo "1850"]
[BlackElo "1729"]
[Result "0-1"]
[Round "1"]
1.d4 Ng8f6
2.Ng1f3 c5
3.d5 e6
4.dxe6 fxe6
5.Bc1g5 d5
6.e3 Bf8e7
7.Bf1e2 O-O
8.O-O Nb8c6
9.a3 a6
10.Nb1c3 b5
11.Qd1d2 Ra8b8
12.Bg5f4 Be7d6
13.Bf4g5 h6
14.Bg5h4 Qd8e8
15.b3 c4
16.b4 Nc6e5
17.Nf3d4 Ne5c6
18.Rf1e1 Bc8b7
19.Bh4xf6 Rf8xf6
20.Be2f3 Nc6xd4
21.exd4 Qe8g6
22.Re1e3 Bd6f4
23.Ra1e1 Rb8f8
24.Qd2e2 Bf4xe3
25.Qe2xe3 Rf6xf3
26.Qe3e2 Rf3xc3
{ resign }
0-1

[Event "Tourn. n9477"]
[Site "www.chess-mail.com"]
[Date "2017.08.26"]
[Round "1"]
[White "Claymil"]
[Black "Fantomas"]
[WhiteElo "2080"]
[BlackElo "1970"]
[Result "0-1"]
[Round "1"]
1.c4 c5
2.Nb1c3 Ng8f6
3.g3 e6
4.Bf1g2 d6
5.e3 a6
6.Ng1e2 Qd8c7
7.O-O Nb8c6
8.a3 Bf8e7
9.b3 O-O
10.Bc1b2 Bc8d7
11.d4 cxd4
12.exd4 Ra8c8
13.Ra1c1 Nc6a7
14.Rf1e1 Qc7b8
15.Ne2f4 b5
16.Qd1e2 b4
17.axb4 Qb8xb4
18.Qe2c2 Rc8b8
19.Rc1a1 Bd7c8
20.Ra1a3 a5
21.Nf4d3 Qb4b6
22.Nc3a4 Qb6c7
23.Re1c1 Bc8d7
24.h3 Na7c6
25.Qc2c3 Nc6b4
26.Kh2 Qc7a7
27.Qc3d2 Qa7a6
28.Na4c3 d5
29.Nd3xb4 Be7xb4
30.Ra3a2 dxc4
31.bxc4 Qa6xc4
32.Ra2a1 Qc4a6
33.Qd2e3 Rf8c8
34.Bb2a3 Qa6d6
35.Ba3xb4 axb4
36.Nc3e2 Bd7c6
37.Ra1a6 Nf6d5
38.Qe3b3 Qd6d7
39.Ra6a1 Nd5e7
40.f3 Bc6d5
41.Qb3b2 Qd7b7
42.Ne2g1 b3
43.h4 Ne7f5
44.Rc1xc8 Rb8xc8
45.Ra1c1 Rc8xc1
46.Qb2xc1 b2
47.Qc1b1 Bd5a2
48.Qb1xa2 b1Q
{ resign }
0-1

[Event "Tourn. n9457"]
[Site "www.chess-mail.com"]
[Date "2017.08.26"]
[Round "1"]
[White "Falcoale"]
[Black "Jazzy"]
[WhiteElo "2070"]
[BlackElo "2200"]
[Result "0-1"]
[Round "1"]
1.e4 e5
2.Ng1f3 Ng8f6
3.Nf3xe5 d6
4.Ne5f3 Nf6xe4
5.d4 Bf8e7
6.Bf1d3 Ne4f6
7.O-O d5
8.Rf1e1 O-O
9.h3 h6
10.Nb1c3 Bc8e6
11.Bc1f4 Be7d6
12.Bf4e3 Nb8c6
13.Nc3b5 Bd6e7
14.Be3f4 Nf6e8
15.a3 a6
16.Nb5c3 Ne8f6
17.Bf4e3 Rf8e8
18.Qd1c1 Be7d6
19.Be3xh6 gxh6
20.Qc1xh6 Bd6f8
21.Qh6g5 Bf8g7
22.Qg5h4 Nf6e4
23.Nc3xe4 Qd8xh4
24.Nf3xh4 dxe4
25.Bd3xe4 Nc6xd4
26.c3 Bg7f6
27.Nh4f3 Nd4xf3
28.Be4xf3 c6
29.Re1d1 Ra8d8
30.Rd1e1 Be6c4
31.Re1xe8 Rd8xe8
32.Ra1d1 Re8d8
33.Rd1xd8 Bf6xd8
34.Bf3g4 Bd8g5
35.Bg4c8 b6
36.Bc8g4 Bg5c1
{ resign }
0-1